Lighting engineering : (Record no. 545583)

000 -LEADER
fixed length control field 00833cam a2200217 a 4500
020 ## - INTERNATIONAL STANDARD BOOK NUMBER
International Standard Book Number 0750650516
082 00 - DEWEY DECIMAL CLASSIFICATION NUMBER
Classification number 621.32
Author Mark SIM
-- L-01, P.100
100 1# - MAIN ENTRY--PERSONAL NAME
Personal name Simons, R. H.
9 (RLIN) 41484
245 10 - TITLE STATEMENT
Title Lighting engineering :
Remainder of title applied calculations /
Statement of responsibility, etc. R. H. Simons and A. R. Bean.
260 ## - PUBLICATION, DISTRIBUTION, ETC.
Place of publication, distribution, etc. Oxford :
Name of publisher, distributor, etc. Architectural Press,
Date of publication, distribution, etc. 2001.
300 ## - PHYSICAL DESCRIPTION
Extent ix, 518 p., [1] leaf of plates :
Other physical details ill. (some col.) ;
Dimensions 25 cm.
526 ## - STUDY PROGRAM INFORMATION NOTE
Program name 0
Interest level 0
Reading level 0
Title point value 621_320000000000000_SIM
650 #0 - SUBJECT ADDED ENTRY--TOPICAL TERM
Topical term or geographic name entry element Electric lighting.
9 (RLIN) 32173
650 #0 - SUBJECT ADDED ENTRY--TOPICAL TERM
Topical term or geographic name entry element Light sources
General subdivision Mathematical models.
9 (RLIN) 41485
650 #0 - SUBJECT ADDED ENTRY--TOPICAL TERM
Topical term or geographic name entry element Lighting
General subdivision Mathematics.
9 (RLIN) 41486
650 #0 - SUBJECT ADDED ENTRY--TOPICAL TERM
Topical term or geographic name entry element Mathematics
General subdivision Formulae.
9 (RLIN) 39423
700 1# - ADDED ENTRY--PERSONAL NAME
Personal name Bean, A. R.
9 (RLIN) 41487
856 41 - ELECTRONIC LOCATION AND ACCESS
Uniform Resource Identifier <a href="http://www.loc.gov/catdir/toc/els031/2001270182.html">http://www.loc.gov/catdir/toc/els031/2001270182.html</a>
856 42 - ELECTRONIC LOCATION AND ACCESS
Uniform Resource Identifier <a href="http://www.loc.gov/catdir/description/els031/2001270182.html">http://www.loc.gov/catdir/description/els031/2001270182.html</a>
942 ## - ADDED ENTRY ELEMENTS (KOHA)
Source of classification or shelving scheme
Koha item type Book
Holdings
Withdrawn status Lost status Source of classification or shelving scheme Damaged status Not for loan Permanent Location Current Location Date acquired Total Checkouts Full call number Barcode Date last seen Price effective from Koha item type
          Military College of Engineering (MCE) Military College of Engineering (MCE) 05/27/2014   621.32 SIM MCE-36657 05/27/2014 05/27/2014 Book
© 2023 Central Library, National University of Sciences and Technology. All Rights Reserved.